Statistics for Shapes of Arabian Sea Countries

Click here to take the quiz!

General Stats

  • This quiz has been taken 78 times
  • The average score is 9 of 9

Answer Stats

Country% Correct
Oman
100%
India
99%
Iran
99%
Somalia
97%
Pakistan
96%
United Arab Emirates
96%
Yemen
96%
Maldives
92%
Djibouti
78%

Score Distribution

Percentile by Number Answered

Percent of People with Each Score

Your Score History

You have not taken this quiz